|
|
|
|
| LEADER |
01216nam a2200313 a 4500 |
| 001 |
700094 |
| 008 |
090826s1996 nyua b 001 0 eng d |
| 010 |
|
|
|a \\\96173968
|
| 020 |
|
|
|a 0079121462 (MAC set : acid-free paper)
|
| 020 |
|
|
|a 0079121470 (pbk)
|
| 020 |
|
|
|a 0070084963 (cover : acid-free paper)
|
| 040 |
|
|
|a DLC
|c DLC
|d DLC
|
| 082 |
0 |
0 |
|a 515/.93
|2 20
|
| 100 |
1 |
|
|a Brown, James Ward.
|
| 245 |
1 |
0 |
|a Complex variables and applications /
|c James Ward Brown, Ruel V. Churchill.
|
| 250 |
|
|
|a 6th ed.
|
| 260 |
|
|
|a New York :
|b McGraw-Hill,
|c c1996.
|
| 300 |
|
|
|a xvi, 386 p. :
|b ill. ;
|c 21 cm.
|
| 490 |
0 |
|
|a Churchill-Brown series
|
| 490 |
0 |
|
|a International series in pure and applied mathematics
|
| 500 |
|
|
|a Churchill's name appears first on the previous ed.
|
| 504 |
|
|
|a Includes bibliographical references (p. 367-369) and index.
|
| 541 |
1 |
|
|e 00008707
|
| 650 |
|
0 |
|a Functions of complex variables.
|
| 700 |
1 |
|
|a Churchill, Ruel Vance,
|d 1899-
|
| 852 |
4 |
|
|a Ayesha Abed Library
|j General shelf
|
| 942 |
0 |
0 |
|0 3
|
| 999 |
|
|
|c 3552
|d 3552
|
| 952 |
|
|
|0 0
|1 0
|2 ddc
|4 0
|6 515_930000000000000_BRO_1996
|7 0
|9 11907
|a BRACUL
|b BRACUL
|c GEN
|d 2010-09-20
|l 29
|m 232
|o 515.93 BRO
|p 3010008713
|r 2023-05-29
|s 2023-01-26
|t 2
|w 2010-09-20
|y BK
|